| 000 | 00564nam a2200169Ia 4500 | ||
|---|---|---|---|
| 008 | 140529s9999 xx 000 0 und d | ||
| 020 | _a9789712725418 | ||
| 050 |
_aPE 1065 _b.L979 2012 |
||
| 100 | _aLuzada, Mary Grace Dasalla. | ||
| 245 |
_aGrammar in our changing world 1 / _cauthors, Mary Grace Dasalla Luzada and Ma. Rita Pilar Villar-Ong |
||
| 260 |
_aManila, Philippines : _bAnvil Publishing, Inc., _cc2012. |
||
| 300 |
_a465 p. ; _c21 cm. |
||
| 500 | _aIncludes bibliographical references. | ||
| 521 | _aGE | ||
| 942 |
_kLOC _cBK |
||
| 999 |
_c117801 _d117801 |
||